000 00205nam a22000977a 4500
999 _c16026
_d16026
003 OSt
008 191028b ||||| |||| 00| 0 eng d
100 _aAppu,V T.
_94486
245 _aHasyavilasam
942 _cBK